🎧 Guess the Taylor Swift Song with no Hints - 5 - Statistics

General Stats
  • This quiz has been taken 76 times
  • The average score is 209 of 307
Answer Stats
Answer % Correct
I
100%
you?
100%
you
100%
You
100%
a
96%
the
96%
The
96%
and
91%
And
91%
on
91%
then
91%
your
91%
be
89%
in
89%
In
89%
Love
89%
love
89%
it
87%
all
85%
to
85%
You're
85%
you're
85%
I'm
80%
is
80%
me
80%
my
80%
as
78%
But
78%
They
78%
they
78%
was
78%
at
76%
for
76%
if
76%
If
76%
I'll
76%
of
76%
that
76%
What
76%
do
74%
up
74%
us
74%
It's
72%
well
72%
We'll
72%
know
70%
think
67%
this
67%
This
67%
slut
65%
there
65%
might
63%
Might
63%
never
63%
not
63%
over
63%
time
63%
you'll
63%
call
61%
dressed
61%
gonna
61%
looking
61%
said
61%
with
61%
Flamingo
59%
forget
59%
Got
59%
head
59%
he's
59%
him
59%
pink
59%
went
59%
drunk
57%
need
57%
once
57%
straight
57%
bed
54%
lovestruck
54%
place
54%
right
54%
boys
52%
down
52%
Everyone
52%
gentleman
52%
lovesick
52%
wants
52%
world
52%
worth
52%
Clink
50%
clink
50%
price
50%
wrong
50%
Being
48%
boulevard
48%
crime
48%
going
48%
pay
46%
pullin'
46%
Sunrise
46%
Aquamarine
43%
break
43%
tangerine
43%
young
43%
art
41%
face
41%
knows
41%
pretty
41%
saying
41%
blow
39%
guess
39%
Moonlit
39%
nobody
39%
pool
39%
stones
39%
swimming
39%
throw
39%
won't
39%
asleep
37%
big
37%
cement
37%
Half
37%
Handprints
37%
Send
37%
sticks
37%
Taking
37%
awake
35%
clothes
35%
light
35%
mistake
35%
smoke
35%
thorns
35%
wet
35%
anyway
33%
luxury
33%
mid
33%
neon
33%
waiting
33%
air
30%
froze
30%
rose
30%
Adorned
28%
chance
28%
Lovelorn
28%
code
24%
No matching quizzes found
Score Distribution
Percent of People with Each Score
Percentile by Number Answered
Your Score History
You have not taken this quiz